Score 0/15 Timer 05:00
0 Plays Today
% Correct
Finding Nemo Submarine Voyage
93.8%
Peter Pan's Flight
89.9%
Snow White's Scary Adventures
89.1%
Pirates of the Caribbean
85.4%
Pinocchio's Daring Journey
85.3%
Buzz Lightyear's Astro Blasters
80.3%
Matterhorn Bobsleds
78.6%
Roger Rabbit's Car Toon Spin
67.1%
% Correct
King Arthur Carrousel
64.2%
Autopia
62%
Mr. Toad's Wild Ride
61.6%
Haunted Mansion
56.3%
Splash Mountain
54.5%
Enchanted Tiki Room
51.4%
Indiana Jones Adventure
50.9%
Remove Ads.
Support Sporcle.
Get the best of Sporcle when you Go Orange. This ad-free experience offers more features, more stats, and more fun while also helping to support Sporcle. Thank you for becoming a member.

You're not logged in!

Compare scores with friends on all Sporcle quizzes.
OR
Log In

Show Comments

Extras

Top Quizzes Today


Score Distribution

Your Account Isn't Verified!

In order to create a playlist on Sporcle, you need to verify the email address you used during registration. Go to your Sporcle Settings to finish the process.

Report this User

Report this user for behavior that violates our Community Guidelines.

Details: